Io Vagabondo, Nomadi - Testo Completo - Statistics

Statistiche generali
  • Questo quiz è stato fatto 76 volte
  • Il punteggio medio è 140 su 166
Statistiche sulle risposte
Testo % Corretto
Io
100%
Io,
100%
io
100%
vagabondo
100%
Vagabondo
100%
che
98%
son
98%
altro
96%
di
96%
E
96%
è
96%
l'
96%
la
96%
96%
non
96%
Non
96%
ho
93%
in
93%
lassù
93%
Ma
93%
mi
93%
ne
93%
rimasto
93%
Soldi
93%
sono
93%
tasca
93%
Dio
91%
un
91%
Un
91%
sa
89%
essere
84%
può
84%
bimbo
82%
del
82%
giorno
82%
Il
82%
il
82%
mia
82%
settembre
82%
una
82%
bambino
80%
età
80%
Poi
80%
Poi,
80%
quel
80%
cortile
78%
dov'
78%
notte
78%
svegliai
78%
casa
76%
Chissà
76%
era
76%
giocava
76%
Sul
76%
azzurra
73%
crescerò
73%
pelle
73%
stelle
73%
della
71%
me
71%
vita
71%
delle
69%
sulla
69%
Sempre
67%
nel
64%
andai
62%
ancora
60%
chiarore
60%
strada
60%
vento
60%
mattino
58%
cielo
56%
volerò
53%
Sì,
51%
sole
51%
camino
49%
città
49%
come
49%
mio
49%
caldo
47%
corpo
44%
fuoco
44%
sembrava
40%
deserto
38%
Nessun quiz corrispondente trovato
Distribuzione punteggi
Percentuale di utenti per punteggio
Percentile per numero di risposta
I tuoi punteggi nel tempo
Non hai fatto questo quiz